Exchange and capital controls as barriers to trade (Record no. 41932)

000 -LEADER
fixed length control field 01163pab a2200193 454500
008 - FIXED-LENGTH DATA ELEMENTS--GENERAL INFORMATION
fixed length control field 180718b1999 xxu||||| |||| 00| 0 eng d
100 ## - MAIN ENTRY--PERSONAL NAME
Personal name Tamirisa, Natalia T.
245 ## - TITLE STATEMENT
Title Exchange and capital controls as barriers to trade
260 ## - PUBLICATION, DISTRIBUTION, ETC.
Date of publication, distribution, etc. 1999
300 ## - PHYSICAL DESCRIPTION
Extent p.69-88
362 ## - DATES OF PUBLICATION AND/OR SEQUENTIAL DESIGNATION
Dates of publication and/or sequential designation Mar
520 ## - SUMMARY, ETC.
Summary, etc. This paper considers the effect of exchange and capital controls on trade in the gravity-equation framework, in which bilateral exports depend on the distance between countries, the countries' size and wealth, tariff barriers, and exchange and capital controls. The extent of exchange and capital controls is measured by unique indices. In view of the degree to which countries have liberalaized their exchange systems, controls on current payments and transfers are found to be a minor impediment to trade, while capital controls significantly reduce exports into developing and transition economies. Thus, further capital account liberalization could significantly foster trade. - Reproduced
650 ## - SUBJECT ADDED ENTRY--TOPICAL TERM
Topical term or geographic name entry element Trade
650 ## - SUBJECT ADDED ENTRY--TOPICAL TERM
Topical term or geographic name entry element International trade
650 ## - SUBJECT ADDED ENTRY--TOPICAL TERM
Topical term or geographic name entry element Foreign exchange
650 ## - SUBJECT ADDED ENTRY--TOPICAL TERM
Topical term or geographic name entry element Exchange rates
773 ## - HOST ITEM ENTRY
Main entry heading IMF Staff Papers
909 ## -
-- 41932
Holdings
Withdrawn status Lost status Damaged status Not for loan Permanent Location Current Location Date acquired Serial Enumeration / chronology Barcode Date last seen Price effective from Koha item type
        Indian Institute of Public Administration Indian Institute of Public Administration 2018-07-19 Volume no: 46, Issue no: 1 AR42309 2018-07-19 2018-07-19 Articles

Powered by Koha